00389nam a22001457a 4500003000500000005001700005008004100022020001800063050002400081082002400105100001900129245004700148300002000195650002800215SISC20160317150512.0130823t xxu||||| |||| 00| 0 eng d a9781875566389 aND 553b.D269 1993  aHS 700.92bD32 1993 aDawes, Richard aThe little book of Monet /cRichard Daves. a58 p. ;c17 cm. aMonet, Claude (artist)